Представление документа в формате MARC21

Поле Инд. ПП Название Значение
Тип записи a
Библиографический уровень b
001 Контрольный номер RU/IS/BASE/386443225
005 Дата корректировки 20200522191518.9
008 Кодируемые данные 20120330
084 a Индекс другой классификации/Индекс ББК 65.5(051)-94в613; 60.526
100 1_ a Автор Яшкова А.
245 a Заглавие Оценка социально-экономического положения России: индекс человеческого развития
504 a Библиография Библиогр.
520 a Аннотация Для международного сопоставления социально-экономического развития различных стран, уровня и качества жизни населения возможно использовать такой индикатор, индекс человеческого развития. С его помощью оценивается уровень достижений страны в областях здравоохранения и долголетия, образования, доходов населения. Представлена тенденция изменения индекса человеческого развития России на основе данных за последнее десятилетие, также оцениваются потери в области человеческого развития для бывших республик СССР.
650 a Основная рубрика методология науки
a Основная рубрика мировая экономика
a Основная рубрика социология
a Основная рубрика экономика
653 a Ключевые слова Азербайджан
a Ключевые слова Армения
a Ключевые слова Белоруссия
a Ключевые слова благосостояние
a Ключевые слова Грузия
a Ключевые слова доходы населения
a Ключевые слова индекс развития человеческого потенциала (ИРЧП)
a Ключевые слова Казахстан
a Ключевые слова качество жизни
a Ключевые слова Киргизия
a Ключевые слова Латвия
a Ключевые слова Литва
a Ключевые слова Молдавия
a Ключевые слова продолжительность жизни
a Ключевые слова Россия
a Ключевые слова социально-экономическое положение
a Ключевые слова Таджикистан
a Ключевые слова Туркмения
a Ключевые слова Узбекистан
a Ключевые слова Украина
a Ключевые слова уровень жизни
a Ключевые слова уровень здравоохранения
a Ключевые слова уровень образования
a Ключевые слова человеческий капитал
a Ключевые слова Эстония
773 t Заглавие источника РИСК: ресурсы, информация, снабжение, конкуренция
d Дата издания источника 2011
g Прочая информация № 4. - С. 352 - 105 : табл.. граф., диагр.
w Контрольный № источника RU/IS/BASE/384345860
901 t Тип документа b